000 01236cab a2200229 4500
001 ABS68433
008 041125n2004 000 0 eng u
035 _a(Sirsi) u128155
100 _aLavender, S.
245 _aMonitoring and assessment: coastal surveying; integrating maritime and marine survey technologies
260 _c2004
490 _aGeo Informatics
_v7(7) October/November 2004, 50-52(3)
520 _aReviews some of the specialised activities involved in coastal surveying and looks at future areas of development. An increased interest in the coastal zone, its appropriate management and optimal use, have strengthened interest in coastal surveying both above and below the waterline. Trade, development, mineral resources and tourism bring conflicting pressures into an environmentally vulnerable area. Though it is important to treat the zone in an integrated fashion, this article concentrates on the coastline and coastal waters. [Adapted from journal abstract].
590 _aABS
650 _aCOASTAL ZONES
650 _aCOASTAL ZONE MANAGEMENT
650 _aCOASTAL DEVELOPMENT
650 _aSURVEYING TECHNOLOGY
690 _aGEOMATICS-HYDROGRAPHIC SURVEYING
700 _aAbbott, V.
942 _n0
999 _c74637
_d74637